5HLuxD.jpg

KING HENRY VIII SENIOR AND PRIMARY SCHOOL LIBRARY OPAC

Once / (Record no. 2981)

000 -LEADER
fixed length control field 01309cam a2200361 i 4500
001 - CONTROL NUMBER
control field .b18304722
003 - CONTROL NUMBER IDENTIFIER
control field OCoLC
005 - DATE AND TIME OF LATEST TRANSACTION
control field 20250603110109.0
008 - FIXED-LENGTH DATA ELEMENTS--GENERAL INFORMATION
fixed length control field 130411t20132005nyu d b 000 1 eng d
020 ## - INTERNATIONAL STANDARD BOOK NUMBER
International Standard Book Number 9780312653040
020 ## - INTERNATIONAL STANDARD BOOK NUMBER
International Standard Book Number 0312653042
035 ## - SYSTEM CONTROL NUMBER
System control number (OCoLC)838077698
040 ## - CATALOGING SOURCE
Original cataloging agency UPZ
Language of cataloging eng
Description conventions rda
Transcribing agency UPZ
Modifying agency SYU
-- KH8
042 ## - AUTHENTICATION CODE
Authentication code nbic
043 ## - GEOGRAPHIC AREA CODE
Geographic area code e-pl---
082 04 - DEWEY DECIMAL CLASSIFICATION NUMBER
Classification number 823.914 GLE
Edition number 23
100 1# - MAIN ENTRY--PERSONAL NAME
Personal name Gleitzman, Morris,
Relator term author.
245 10 - TITLE STATEMENT
Title Once /
Statement of responsibility, etc. Morris Gleitzman.
250 ## - EDITION STATEMENT
Edition statement First Square Fish Edition.
260 ## - PUBLICATION, DISTRIBUTION, ETC.
Place of publication, distribution, etc. New York :
Name of publisher, distributor, etc. Square Fish, an imprint of Macmillan,
Date of publication, distribution, etc. 2013.
300 ## - PHYSICAL DESCRIPTION
Extent 163, 9 pages ;
Dimensions 21 cm.
500 ## - GENERAL NOTE
General note Includes discussion questions and a nine-page excerpt from Then.
504 ## - BIBLIOGRAPHY, ETC. NOTE
Bibliography, etc. note Includes bibliographical references.
520 ## - SUMMARY, ETC.
Summary, etc. After living in an Catholic orphanage for nearly four years, a naive Jewish boy runs away and embarks on a journey across Nazi-occupied Poland to find his parents.
650 #1 - SUBJECT ADDED ENTRY--TOPICAL TERM
Topical term or geographic name entry element World War, 1939-1945
Geographic subdivision oland
Form subdivision Fiction.
650 #1 - SUBJECT ADDED ENTRY--TOPICAL TERM
Topical term or geographic name entry element Orphans
Form subdivision Fiction.
650 #1 - SUBJECT ADDED ENTRY--TOPICAL TERM
Topical term or geographic name entry element Separation (Psychology)
Form subdivision Fiction.
650 #1 - SUBJECT ADDED ENTRY--TOPICAL TERM
Topical term or geographic name entry element Survival
Form subdivision Fiction.
650 #1 - SUBJECT ADDED ENTRY--TOPICAL TERM
Topical term or geographic name entry element Jews
Geographic subdivision Poland
Form subdivision Fiction.
650 #1 - SUBJECT ADDED ENTRY--TOPICAL TERM
Topical term or geographic name entry element Holocaust, Jewish (1939-1945)
Geographic subdivision Poland
Form subdivision Fiction.
651 #1 - SUBJECT ADDED ENTRY--GEOGRAPHIC NAME
Geographic name Poland
General subdivision History
Chronological subdivision Occupation, 1939-1945
Materials specified Fiction.
942 ## - ADDED ENTRY ELEMENTS (KOHA)
Source of classification or shelving scheme
Koha item type Books - Fiction
Holdings
Withdrawn status Lost status Source of classification or shelving scheme Damaged status Not for loan Collection code Permanent Location Current Location Shelving location Date acquired Full call number Barcode Date last seen Price effective from Koha item type
          Fiction KH8 Senior School Library KH8 Senior School Library Fiction 2025-06-03 823.914 GLE 3KHSL000102257 2025-06-03 2025-06-03 Books - Fiction

Powered By KH8 IT Dept